Т. 2; Войсковой противовоздушной обороне России 100 лет

Dettagli Bibliografici
Parent link:Войсковой противовоздушной обороне России 100 лет: исторический очерк/ под ред. А. П. Леонова. Т. 2.— , 2015.— 978-5-906598-42-4
Riassunto:В книге приведены основные события и факты, связанные с зарождением, становлением и раз­витием войсковой ПВО. Показаны этапы создания войск ПВО Сухопутных войск как самостоятель­ного рода войск, поэтапное развитие вооружения и военной техники противовоздушной оборо­ны войск, совершенствование организационно-штатной структуры войск и их органов управле­ния, подготовка кадров для войск ПВО Сухопутных войск, развитие науки в войсках ПВО СВ, опыт выполнения боевых задач в локальных войнах и вооруженных конфликтах специалистами войск ПВО СВ, эффективность применения вооружения и военной техники в борьбе со средствами воз­душного нападения. Приведены воспоминания ветеранов войск ПВО СВ.
Lingua:russo
Pubblicazione: 2015
Soggetti:
Natura: MixedMaterials Libro
KOHA link:https://koha.lib.tpu.ru/cgi-bin/koha/opac-detail.pl?biblionumber=313526

MARC

LEADER 00000nam2a2200000 4500
001 313526
005 20231102002605.0
035 |a (RuTPU)RU\TPU\book\338910 
035 |a RU\TPU\book\338909 
090 |a 313526 
100 |a 20160127d2015 km y0rusy50 ca 
101 0 |a rus 
102 |a RU 
105 |a a z 011zy 
200 0 |a Т. 2 
210 |d 2015 
215 |a 408 с.  |c ил. 
320 |a Библиогр.: с. 406. 
330 |a В книге приведены основные события и факты, связанные с зарождением, становлением и раз­витием войсковой ПВО. Показаны этапы создания войск ПВО Сухопутных войск как самостоятель­ного рода войск, поэтапное развитие вооружения и военной техники противовоздушной оборо­ны войск, совершенствование организационно-штатной структуры войск и их органов управле­ния, подготовка кадров для войск ПВО Сухопутных войск, развитие науки в войсках ПВО СВ, опыт выполнения боевых задач в локальных войнах и вооруженных конфликтах специалистами войск ПВО СВ, эффективность применения вооружения и военной техники в борьбе со средствами воз­душного нападения. Приведены воспоминания ветеранов войск ПВО СВ. 
461 1 |0 (RuTPU)RU\TPU\book\331364  |y 978-5-906598-42-4  |t Войсковой противовоздушной обороне России 100 лет  |o исторический очерк  |o в 2 т.  |f под ред. А. П. Леонова  |v Т. 2  |d 2015 
606 1 |a Противовоздушной обороны войска (ПВО)  |2 stltpush  |3 (RuTPU)RU\TPU\subj\52854  |9 71243 
610 1 |a ПВО 
610 1 |a история 
610 1 |a Россия 
610 1 |a 20 век 
610 1 |a воинские части 
610 1 |a зенитные вооружения 
610 1 |a воздушно-десантные войска 
610 1 |a ветераны 
610 1 |a воспоминания 
686 |a Ц64  |v LBC/SL-A  |2 rubbk 
801 1 |a RU  |b 63413507  |c 20160127 
801 2 |a RU  |b 63413507  |c 20160205  |g RCR 
942 |c BK